[Event "Olympiad-36"]
[Site "Mallorca"]
[Date "2004.10.20"]
[Round "6"]
[White "Bluvshtein, Mark"]
[Black "Lputian, Smbat G"]
[Result "0-1"]
[WhiteElo "2502"]
[BlackElo "2634"]
[Annotator "Psakhis,L"]
[PlyCount "104"]
[EventDate "2004.10.15"]
[EventType "team-swiss"]
[EventRounds "14"]
[EventCountry "ESP"]
[SourceTitle "CBM 104"]
[Source "ChessBase"]
[SourceDate "2005.01.27"]
[SourceVersion "1"]
[SourceVersionDate "2005.01.27"]
[SourceQuality "1"]
[WhiteTeam "Canada"]
[BlackTeam "Armenia"]
[WhiteTeamCountry "CAN"]
[BlackTeamCountry "ARM"]

1. e4 e6 2. d4 d5 3. Nc3 Bb4 4. e5 c5 5. a3 Ba5 6. b4 cxd4 7. Nb5 (7. Qg4 $5)
7... Bc7 8. f4 Bd7 (8... Nc6 $5) (8... a5) 9. Nxc7+ ({Another popular line is
connected with move} 9. Nf3 {with possible continuation} Bxb5 10. Bxb5+ Nd7 (
10... Nc6 11. O-O (11. Nxd4 Nge7 12. O-O Bb6 13. Be3 Kf8 14. c3 Bxd4 15. cxd4
a5 16. bxa5 Qxa5 17. a4 Nf5 18. Bf2 h5 19. Rc1 g6 20. Qd3 Kg7 21. g3 Na7 22. h3
Nxb5 23. axb5 Rhc8 24. Kg2 Qb4 {1/2-1/2 Matsuura,E-Rodi,L/Sao Paulo 8th
Magistral Comunic 2004/ChessBase (52)}) 11... Nge7 12. Bd3 (12. Kh1 a6 13. Bd3
g6 14. Bb2 Bb6 15. Qe1 Nf5 16. Bxf5 gxf5 17. Rd1 Rc8 18. Qe2 Qd7 19. Rd2 Na7
20. Nxd4 Bxd4 21. Bxd4 Nb5 22. Rf3 Rc4 23. Bc5 Qc6 24. Qf2 b6 {1/2-1/2 Herrera,
I-Almeida,O/Havana Capablanca mem-B 2003/(49)}) 12... Bb6 13. Kh1 Nf5 14. Bxf5
exf5 15. Bb2 O-O 16. Qd3 Qd7 17. Rad1 Rac8 18. Rd2 Rfd8 19. Rfd1 h6 20. h3 Rc7
21. Bxd4 Nxd4 22. Nxd4 Bxd4 23. Qxd4 Qa4 24. Qd3 g6 {1/2-1/2 Lacasa Diaz,
J-Jerez Perez,A/Castelldefels op 2004/ChessBase (35)}) 11. O-O (11. Nxd4 Ne7
12. O-O O-O 13. Kh1 g6 14. Bd3 a6 15. Be3 $1 (15. Bb2 {Gallagher-Lputian 
(Luzern 1997)}) 15... Nb6 16. Qe2 Rc8 17. Bf2 $1 {/\ Bf2-h4-f6} Na4 18. Qg4 h5
$2 (18... Bb6) (18... Nb2) 19. Qh3 Bb6 20. g4 Nc3 $2 (20... hxg4 21. Qh6 (21.
Qxg4) 21... Bxd4 22. Bh4 f5 $1) 21. gxh5 Ne4 22. hxg6 Nxg6 23. Nxe6 Nxf2+ 24.
Rxf2 Qh4 25. Qxh4 Nxh4 26. Nxf8 Bxf2 27. Nd7 Kg7 28. Rf1 Bd4 29. f5 Rd8 30. e6
{1-0 Paehtz,E-Mkrtchian,L/Wch G20 Yerevan 2000/ChessBase/[Paehtz,T]}) 11... Ne7
12. Bd3 (12. g4 $6 a6 13. Bd3 h5 $1 14. h3 hxg4 15. hxg4 Nb6 $15 {/\ Nb6-c4-e3,
van den Doel-Lputian (Wijk aan Zee B 1999)}) 12... g6 13. Nxd4 a6 14. Kh1 $146
(14. Be3 $5) 14... Nb6 15. Qe2 (15. Be3 Nc4 16. Bf2 Nb2 17. Qd2 Nxd3 18. cxd3
Rc8 19. Rac1 O-O $14) 15... Rc8 16. g4 (16. b5 $5 a5 ({a)} 16... axb5 17. Bxb5+
Kf8 ({*)} 17... Nd7 18. f5 $1 gxf5 19. Nxf5 $1 Nxf5 (19... exf5 20. e6 fxe6 21.
Qxe6 $18) 20. Rxf5 $1 h6 (20... exf5 21. e6 O-O 22. e7 Qe8 23. Bh6 $1 $18) 21.
a4 (21. Rh5 $16) 21... exf5 22. e6 $18 {->}) 18. a4 $36) 17. g4 Nc4 18. f5 Bxe5
19. c3 $44) 16... Nc4 17. f5 $3 Bxe5 (17... gxf5 $2 18. gxf5 Bxe5 19. fxe6 Bxd4
20. exf7+ Kf8 (20... Kd7 21. Qg4+ Kc7 22. Qxd4 $18) 21. Bh6+ Bg7 22. Bxg7+ Kxg7
23. Bxc4 Rxc4 (23... dxc4 24. Qe5+ $18) 24. Qe5+ Kh6 25. Rf6+ Ng6 26. Rg1 $18)
18. c3 $44 {1-0 Bruzon Bautista,L-Gluckman,D/Bled (ol) 86/303 2002/ (36)}) 9...
Qxc7 10. Nf3 (10. Bd3 $5 Ba4 11. Ne2) 10... Ba4 11. Bd3 Ne7 (11... Qc3+ 12. Bd2
Qxd3 13. cxd3 Bxd1 14. Kxd1 a6 $1 {Tischbierek-Vaganian (Deizisau 2000)}) 12.
Bb2 Nbc6 (12... a6 13. O-O Nbc6 14. Nxd4 Nxd4 15. Bxd4 Bb5 16. a4 Bxd3 17. cxd3
O-O 18. a5 Qd7 19. g4 Rac8 20. Ra2 Rfe8 21. Qf3 Nc6 22. Bc5 d4 23. Qe4 Rcd8 24.
Rc2 {1/2-1/2 Moreno Carnero,J-Jerez Perez,A/ESP t-ch Lanzarote 2003/}) 13. Nxd4
$146 (13. Qe2 a6 14. O-O Qb6 15. Qf2 Bb5 16. Nxd4 Bxd3 17. cxd3 Rc8 18. Rfc1
O-O 19. Nxc6 {1/2-1/2 Svidler,P-Vaganian,R/ARM-ROW Match Moscow 2004/ChessBase}
) (13. Qd2 a6 14. Nxd4 Nxd4 15. Bxd4 Bb5 16. O-O Nf5 17. Bc5 b6 18. Bf2 h5 19.
Rfc1 Bc4 20. Bxf5 exf5 21. a4 Rh6 22. Ra3 Re6 23. a5 b5 24. Bd4 Qc6 25. Rh3 g6
26. Qf2 O-O-O 27. Rd1 Rde8 {Spraggett,K-Ross,D/CAN-ch Richmond 2002/The Week
in Chess 386/1-0 (86)}) (13. O-O Qb6 14. Rf2 Bb5 15. Nxd4 Bxd3 16. Qxd3 Nxd4
17. Bxd4 Qc7 18. Bc5 b6 19. Bxe7 Kxe7 20. f5 Qxe5 21. Raf1 Raf8 22. Re2 Qd6 23.
Qd4 Rhg8 24. c4 dxc4 25. Qh4+ Kd7 {1-0 Sivokho,S-Biriukov,O/St.Petersburg-sf
2001/CA (37)}) 13... Qb6 14. Qd2 a5 (14... O-O 15. Qf2 $14) (14... Na5 $5 15.
Rd1 Nc4 16. Bxc4 dxc4 $13) 15. Bc3 $5 (15. Nxc6 Qxc6 $5 {[%cal Ga4b5]} (15...
Nxc6 16. Qf2 Qxf2+ 17. Kxf2 $14)) 15... axb4 (15... Nxd4 16. Bxd4 Qc6 17. bxa5
$5 $36 {[%cal Ga1b1]}) 16. axb4 Kd7 $5 17. Nxc6 (17. Be2 Rhc8) 17... Qxc6 $5 (
17... Nxc6 18. b5 $5 Bxb5 $140 19. Rb1 Na7 20. f5 $40) 18. O-O Bb5 {Now we can
see, that Black has succeeded in solving his opening problems.} 19. Bd4 (19.
Bxb5 Qxb5 20. Bd4 Rhc8 $13) 19... Nf5 (19... Bxd3 20. cxd3 $1 {[%cal Gc1c6]})
20. Bc5 b6 21. Bxb5 (21. Bf2 Bxd3 22. cxd3 Rxa1 23. Rxa1 Ra8 $36) 21... Qxb5
22. c4 $1 {A straightforward approach - White wants to open as many files as
possible.} Qxc4 23. Bxb6 Rhc8 24. Bc5 h5 {[%csl Gf5]} (24... d4 $5 {[%cal
Gf5e3]}) 25. Rfc1 Qe4 $1 (25... Rxc5 26. bxc5 Rxa1 27. Rxa1 Qxc5+ 28. Qf2 $16)
26. Rxa8 Rxa8 27. b5 d4 (27... Ra4 $5 $132 {[%csl Rf4]}) 28. Rd1 Qd5 $2 {
After the move in the game Lputian has to be very careful in order to be able
to keep the balance.} ({After the correct} 28... Rc8 $5 29. Re1 Qd5 $15 {
Black could pretend for initiative.}) 29. Bxd4 $1 {Seemingly, this move
escaped Lputian's attention. White has the upper hand.} Ke8 (29... Ra2 30. Bc3
$8) 30. Bc3 Qxb5 31. Bb4 {[%csl Re8]} Rb8 (31... Qb6+ $142 $5 32. Kh1 Rd8) 32.
Ba3 h4 33. Qc3 Qa4 34. Qd3 Qa7+ $6 (34... Qb5 $5) 35. Kh1 Qb7 36. h3 $5 {
A necessary prophylactic move.} Qd5 $6 (36... f6 $5 {[%cal Ge8f7]}) 37. Qc2 (
37. Qxd5 $2 exd5 38. Rxd5 $4 Rb1+ 39. Kh2 Ng3 $19) 37... Ne3 (37... Qb7 38. Qc5
$40) 38. Qa4+ Qb5 39. Qa7 {[%cal Ra7e7]} Nd5 ({Worth considering} 39... Nf5 40.
Qc7 Ra8 41. Bc5 $40 {and this position might look very dangerous for Black,
but it wouldn't be so easy for White to find anything decisive.}) 40. Kh2 $2 (
40. f5 $5) ({White could already begin decisive actions by} 40. Bd6 $1 Rd8 (
40... Rc8 41. f5 $1) 41. f5 $1 Rd7 42. Qd4 $18 {[%csl Re8][%cal Rd4h4] but
Bluvshtein prefers to get to the time control without changing the position.
Typical mistake!}) 40... Qb6 41. Qa4+ Qb5 42. Qa7 Qb6 43. Qa4+ Qb5 44. Qc2 $5 {
[%cal Cb8a8,Ca8a3,Gc2h7]} Kd7 (44... g6 45. Ra1 $5 Ra8 $140 46. Bd6 $1) 45. f5
$2 (45. Rc1 $142 $36) 45... Qb3 $1 46. fxe6+ (46. Qxb3 $142 $5 Rxb3 47. Bf8 g6
(47... Rg3 48. Rd4 $1) 48. fxg6 fxg6 49. Rd4 $11) 46... fxe6 47. Qc5 $4 {
[%mdl 8192]} (47. Qxb3 Rxb3 48. Bf8 g5 49. Bh6 Rg3 50. Rd4 $11) 47... Qxd1 $1
$19 48. Qd6+ Kc8 49. Qxe6+ (49. Qa6+ $5 Rb7 50. Qxe6+ Kb8 51. Qg8+ (51. Bd6+
Ka7 52. Bc5+ Nb6 53. Qa2+ Kb8 54. Qg8+ Kc7 55. e6 Nd5 $1 56. e7 $140 Nxe7 57.
Bxe7 Qd4 $1 $19 {[%csl Rh2]}) 51... Ka7 52. Bc5+ Nb6 53. Qa2+ Kb8 54. Qg8+ Kc7
$19) 49... Kb7 50. Qd7+ (50. Bd6 Rd8 $5 51. Qf7+ Kc6 $19) 50... Ka6 51. Bc5 (
51. Qc6+ Nb6) 51... Rb1 $1 52. Qe6+ Kb5 {[%csl Gb1,Gb5,Gd1,Gd5] Lputian
comfortably placed all his pieces on light squares.} 0-1

[Event "Corus-C"]
[Site "Wijk aan Zee"]
[Date "2004.01.24"]
[Round "12"]
[White "Lagno, Kateryna"]
[Black "Smeets, Jan"]
[Result "0-1"]
[WhiteElo "2493"]
[BlackElo "2505"]
[Annotator "Psakhis,L"]
[PlyCount "72"]
[EventDate "2004.01.10"]
[EventType "tourn"]
[EventRounds "13"]
[EventCountry "NED"]
[EventCategory "9"]
[SourceTitle "CBM 099"]
[Source "ChessBase"]
[SourceDate "2004.03.30"]
[SourceVersion "1"]
[SourceVersionDate "2004.03.30"]
[SourceQuality "1"]

1. e4 e6 2. d4 d5 3. Nc3 Bb4 4. e5 c5 5. a3 Bxc3+ 6. bxc3 Ne7 7. Qg4 O-O 8. Bd3
Nbc6 9. Qh5 Ng6 10. Nf3 Qc7 11. Be3 c4 12. Bxg6 fxg6 13. Qg4 Qf7 14. Ng5 Qe8
15. h4 h6 16. Nh3 Bd7 $5 (16... b5 17. h5 gxh5 18. Qe2 Bd7 19. Nf4 Rxf4 $1 20.
Bxf4 Qf7 21. Be3 Be8 22. g4 hxg4 23. Qxg4 Qg6 24. Qh3 Ne7 25. Kd2 Qf5 $44 {
1/2-1/2 Michiels,B-L'Ami,E/Groningen Harmonie 2003 (60)}) (16... Qf7 17. Nf4
Ne7 18. Qe2 Bd7 19. g4 Ba4 20. Rh3 a5 21. Kf1 Ra6 22. Rb1 Bc6 23. Kg1 b5 24. h5
Be8 25. Rf1 Rb6 26. hxg6 Nxg6 27. Nh5 Ne7 28. Qd2 Qg6 29. f3 $36 {1-0
Tischbierek,R-Naumkin,I/Porto San Giorgo op 2003/ (53)}) 17. Qe2 b5 18. g4 a5
19. Nf4 $6 $146 {[%cal Gh4h5] This is a novelty in this position, although the
idea is not new at all. To be honest I don't like this move: a more
interesting game raised after} (19. h5 gxh5 20. g5 $1 {for example:} (20. Rg1
Ne7 21. gxh5 Kh7 22. Qg4 Nf5 23. Kd2 Qe7 24. Qg6+ Kh8 25. Nf4 Nh4 26. Qg4 Rxf4
$1 27. Bxf4 Rf8 28. Rh1 Nf5 $44 {Leko,P-Almasi,Z/Budapest 2003/CBM 95/[Psakhis]
/1/2-1/2 (52)}) 20... hxg5 21. Nxg5 g6 22. O-O-O (22. Qf1 $5 Rf5 23. Qg2 Ne7
24. Ke2 Kh8 25. Nf3 Qf7 26. Nh4 Rf8 27. Raf1 Kh7 28. Bg5 Nc6 29. f4 $36 {
1-0 Karjakin,S-Papa,S/Biel MTO 2003 (45)}) (22. Kd2 b4 23. Rag1 bxc3+ 24. Kd1
Rf5 25. Rxh5 gxh5 26. Ne4+ Kh8 $132 {0-1 Van den Doel,E-Psakhis,L/Bled
Olympiad 2002/CBM 92 (33)}) 22... Qe7 23. Rdg1 Qxa3+ 24. Kd2 Rf5 $1 (24... b4
$2 25. Ne4 $1 dxe4 26. Qxh5 Rxf2+ 27. Bxf2 Qxc3+ 28. Kd1 Qf3+ 29. Qxf3 exf3 30.
Rxg6+ Kf7 31. Rf6+ Ke7 32. Rh7+ {1-0 Bacrot,E-Vaisser,A/FRA-ch Aix les Bains
2003/CBM 97/[Psakhis] (32)}) 25. Nf3 b4 $132) 19... Ne7 (19... b4 $5 20. h5 (
20. axb4 axb4 21. Rxa8 Qxa8 22. O-O bxc3 23. Nxg6 Rb8 $132) 20... g5 21. Ng6
Rf7 22. f4 $5 $13) 20. h5 (20. Kd2 $5) 20... g5 21. Nh3 b4 $1 {Black has a
more obvious way of developing the initiative on the queenside.} 22. f4 (22.
axb4 axb4 23. Rxa8 Qxa8 24. cxb4 Nc6 $44) 22... gxf4 23. Bxf4 bxc3 (23... b3 $5
{[%csl Gb3]}) 24. Qe3 Ba4 25. Qxc3 Rb8 26. Kd2 (26. Rg1 $5 {[%cal Gg4g5]})
26... Qb5 {[%cal Gb5b2]} 27. Ra2 (27. Rab1 Qxb1 28. Rxb1 Rxb1 29. Qxa5 c3+ $1
$36) 27... Qb6 {[%csl Rd4]} 28. Ke2 (28. g5 hxg5 29. Be3 g4 30. Nf4 Nf5 $36)
28... Nc6 {White's king is in great danger and the very next move could be
fatal for him.} 29. Be3 Na7 $1 {[%cal Ga7b5] Knight is going to the optimal
place- b5.} 30. Bf2 (30. g5 Nb5 31. Qd2 c3 32. Qd1 hxg5 33. Nxg5 Rf5 $5 {
[%csl Rd4,Rg5]}) 30... Qa6 $1 {[%cal Ra6e2,Ga4b3] Smeets immediately begins an
offensive against White's weak king.} 31. Ke3 (31. g5 Bb3 32. Raa1 Bxc2 $1 33.
gxh6 (33. Qxc2 Rb2 $1) 33... Rb3 $19) 31... Rf7 (31... Bb3 $142 $5 32. Raa1
Bxc2 33. Qxc2 Rb3+ 34. Kd2 Rxh3 $19) 32. Be1 Rbf8 {[%csl Re3] White's position
looks just terrible now!} ({Another promising possibility was} 32... Qb6 $5 33.
Nf4 Nb5 34. Qd2 Nxd4 35. Qxd4 Qxd4+ 36. Kxd4 Rxf4+ 37. Ke3 Rxg4 38. Bxa5 d4+
$19) 33. Qxa5 Rf3+ 34. Ke2 Qxa5 35. Bxa5 Nc6 (35... c3 $5 {[%cal Ga4b5]} 36.
Ke1 Nc6 $19) 36. Bb6 (36. Bb4 $8 Nxd4+ 37. Kd2 R8f7 $19) 36... c3 0-1

[Event "Tel Aviv"]
[Site "Tel Aviv"]
[Date "2001.02.25"]
[Round "5"]
[White "Gruenfeld, Yehuda"]
[Black "Haimovich, Tal"]
[Result "1/2-1/2"]
[WhiteElo "2520"]
[BlackElo "2302"]
[Annotator "Psakhis,L"]
[PlyCount "60"]
[EventDate "2001.02.20"]
[EventType "tourn"]
[EventRounds "9"]
[EventCountry "ISR"]
[EventCategory "9"]
[SourceTitle "CBM 082"]
[Source "ChessBase"]
[SourceDate "2001.05.17"]
[SourceVersion "1"]
[SourceVersionDate "2001.05.17"]
[SourceQuality "1"]

1. e4 e6 2. d4 d5 3. Nc3 Bb4 4. e5 c5 5. a3 Bxc3+ 6. bxc3 Ne7 7. Qg4 O-O 8. Bd3
Nbc6 9. Qh5 Ng6 10. Nf3 Nce7 ({As usual Black played in this position} 10...
Qc7 {but after, for example} 11. Be3 c4 12. Bxg6 fxg6 13. Qg4 Qf7 14. Ng5 Qe8
15. h4 Ne7 16. Qe2 Nf5 17. g4 Nxe3 18. Qxe3 h6 19. Nh3 Qe7 20. Qg3 $36 {
1-0 Nijboer,F-Harikrishna,P/Wijk aan Zee-B 2001/CBM 81 (33) White got better
chances}) 11. dxc5 Bd7 $146 {[%cal Gd7e8,Gf7f6] Novelty and interesting one.
Haimovich wants to bring bishop on the king's side where it will be very
useful in defence.} (11... Qc7 12. O-O Nf5 (12... f6 13. exf6 gxf6 14. Nh4 f5
15. Nxg6 hxg6 16. Qh4 Rf7 17. Bf4 e5 18. Bg5 e4 19. Be2 Qxc5 20. Bxe7 Qxe7 21.
Qxe7 Rxe7 22. c4 dxc4 23. Bxc4+ Be6 {0-1 Sneddon,I-Wurth,T/corr 1994 (35)}) 13.
Re1 Qxc5 14. Bd2 Qc7 15. Rab1 Bd7 16. Ng5 Nh6 17. Rb4 f5 18. exf6 Rxf6 19. Bxg6
Rxg6 20. Nf3 Rf8 21. Qe5 $14 {1/2-1/2 Vasiukov,Y-Naumkin,I/Voskresensk 1990 
(32)}) 12. Rb1 Qc7 13. O-O Be8 {[%cal Gf7f6]} 14. Re1 Nc6 {[%cal Gf7f6]} 15.
Ng5 ({worth considering} 15. Qh3 {[%cal Gh3e6]}) 15... h6 16. Nxe6 (16. Nf3 f5)
16... fxe6 17. Bxg6 Rf5 $1 {Maybe Gruenfeld overlook this strong move, when he
played 15.Ng5} 18. Qg4 ({I think, that just after queen sucrifice-} 18. Bxe8 $5
Rxh5 19. Bxh5 {White could pretend for advantage, for example} Nxe5 $140 $6 20.
Bf4 Nf3+ 21. Bxf3 Qxf4 22. Rxe6 $16) 18... Nxe5 19. Qg3 (19. Bxf5 Nxg4 20.
Bxe6+ Bf7 21. Bxg4 Qxc5 $13) 19... Bxg6 20. f4 Nc4 ({Also} 20... Kh7 $5 21.
fxe5 Qxc5+ 22. Be3 Qc7 $36 {doesn't look too bad}) (20... Qxc5+ $5 21. Be3 Qxc3
22. fxe5 Kh7 23. Rxb7 Rc8 $15) 21. Qxg6 Rf6 22. Qd3 Qxc5+ {[%csl Gc4] Black's
chances are clearly better now. thanks to strong knight on c4 and ruined
white's pawn structure} 23. Kh1 b6 24. h3 (24. Qd4 Qxd4 25. cxd4 Rc8 $17 {
[%csl Rc2][%cal Gc4d6,Gd6e4]}) (24. a4 $5 $15) 24... Raf8 $6 ({Why just not to
take pawn?} 24... Nxa3 $1 $17) 25. a4 $1 $15 Kh8 26. Rb4 Qc6 (26... e5 $6 27.
Rb5 $1 (27. fxe5 $6 Nxe5 28. Rxe5 Rf1+ 29. Kh2 Qg1+ 30. Kg3 Qf2+ 31. Kh2 Rxc1
$17)) ({Maybe queen's transfere to the king's side} 26... Qf2 $5 27. Rf1 Qh4 {
[%cal Gg7g5] was the best chance for Black to increase positional advantage.})
27. Kh2 Qc7 28. Kg1 Qc5+ 29. Kh2 Qc6 30. Kg1 Qc5+ $15 1/2-1/2

[Event "Moscow Aeroflot op"]
[Site "Moscow"]
[Date "2002.02.05"]
[Round "1"]
[White "Sadvakasov, Darmen"]
[Black "Bartel, Mateusz"]
[Result "1-0"]
[WhiteElo "2555"]
[BlackElo "2413"]
[Annotator "Psakhis,L"]
[PlyCount "49"]
[EventDate "2002.02.04"]
[EventType "swiss"]
[EventRounds "9"]
[EventCountry "RUS"]
[SourceTitle "CBM 088"]
[Source "ChessBase"]
[SourceDate "2002.03.21"]
[SourceVersion "1"]
[SourceVersionDate "2002.03.21"]
[SourceQuality "1"]

1. e4 e6 2. d4 d5 3. Nc3 Bb4 4. e5 c5 5. a3 Bxc3+ 6. bxc3 Qa5 {New fashion!} 7.
Bd2 Ne7 (7... Qa4 $5) 8. Nf3 Bd7 9. h4 Nbc6 10. h5 h6 11. Be2 {Surely this
move is not the most popular in a well known position, but it is not bad at
all!} (11. a4 O-O-O 12. Qc1 f6 13. exf6 gxf6 14. Be2 e5 15. Rb1 Qc7 16. Qa3
cxd4 17. cxd4 Nf5 $13 {1/2-1/2 Minasian,A-Lputian,S/ARM-ch Erevan 1995 (38)}) (
11. Bd3 O-O-O 12. O-O c4 13. Be2 Kb8 14. g3 Ka8 15. Nh4 Nf5 16. Ng2 Qa4 17. Bg4
Bc8 18. Ra2 Rhf8 19. Re1 Rg8 20. Kh2 Rdf8 {1/2-1/2 Ivanchuk,V-Dolmatov,S/
EUR-Cup Panormo 2001}) (11. Rh4 c4 12. Rg4 Rg8 13. Nh4 O-O-O 14. Qf3 Qa4 $1 15.
Kd1 Nf5 16. Nxf5 exf5 $132 {0-1 Rantanen,Y-Vaganian,R/Tallinn 1979 (45)}) 11...
O-O-O 12. O-O (12. Rh4 Qc7 13. Kf1 Kb8 14. Rb1 Ka8 15. Qc1 Na5 16. Qb2 Rc8 17.
c4 Nxc4 18. Bxc4 dxc4 19. dxc5 Nd5 {Niemers,J-Brustman,A/Osteropen 2001/ (63)})
12... f6 13. c4 $146 {Typical move, White has two bishops, and it is good for
him to open the position, but Black is getting good counterplay, thank's to
his active pieces.} ({Worth considering} 13. exf6 $142 $5 gxf6 14. Re1 Rdg8 15.
Bf1 {with interesting position, for example} Qa4 16. Rb1 cxd4 17. cxd4 Nxd4 18.
Rb4 Nxf3+ 19. Qxf3 Qc6 20. Qxf6 $16 {1-0 Klovans,J-Martin,A/Velden op 1997 (43)
}) 13... Qc7 14. cxd5 Nxd5 15. c4 Nde7 16. exf6 gxf6 {I am sure, that White
will be happy to keep pawn on h2!} 17. d5 {Double-edged pawn sacrifice.Black
has nothing to worry about in the case of} (17. dxc5 $5 e5 {[%csl Rg1]}) 17...
exd5 18. Qc1 (18. cxd5 Nxd5 19. Qc2 $44) 18... Bg4 $6 ({It is not clear if
will be possible for White to get enough compensation after} 18... d4 $5 19.
Bf4 (19. Bxh6 Bg4 20. Bf4 Qd7) 19... Ne5 $15) 19. Bf4 Qd7 20. cxd5 Nxd5 21. Bg3
$44 {[%csl Gg3] White's king is safe now and bishop g3 is very strong. but
Black has his own trumps.} Qf5 $2 {Serious, almost decisive mistake.Bartel
could play} (21... Qe8 $5 {with complicated game, for example} 22. Re1 $140
Qxh5 23. Qxc5 Nf4) 22. Qxc5 $16 Rhe8 $6 ({Even after best} 22... Qxh5 23. Nd4 {
Black needs good advice -} (23. Ba6 Nde7) (23. Rfc1 $40) 23... Bxe2 24. Nxc6 b6
$8 25. Qc2 (25. Ne7+ Kd7 26. Qxd5+ Kxe7 27. Qe4+ Kf7 $13) 25... Bxf1 26. Nxd8+
(26. Nb8+ Nc3 $8 27. Qxc3+ Qc5 28. Qf3 $40) 26... Kxd8 27. Rxf1 $16 {[%csl Rd8]
}) 23. Nd4 $1 $18 {Now game is over.} Rxe2 24. Nxc6 (24. Nxf5 Bxf5 25. Rac1 $18
) 24... Rc2 (24... b6 25. Ne7+ Kd7 26. Qd6+ Ke8 27. Nxf5 $18) 25. Ne7+ (25.
Ne7+ Kd7 26. Qd6+ Ke8 27. Nxf5 Rxd6 28. Nxd6+ Kd7 29. Nxb7 $18) 1-0

[Event "Metalska Trgovina CC 90"]
[Site "Ljubljana"]
[Date "2002.01.20"]
[Round "2"]
[White "Volokitin, Andrei"]
[Black "Farago, Ivan"]
[Result "1/2-1/2"]
[WhiteElo "2586"]
[BlackElo "2500"]
[Annotator "Psakhis,L"]
[PlyCount "55"]
[EventDate "2002.01.19"]
[EventType "tourn"]
[EventRounds "11"]
[EventCountry "SLO"]
[EventCategory "11"]
[SourceTitle "CBM 088"]
[Source "ChessBase"]
[SourceDate "2002.03.21"]
[SourceVersion "1"]
[SourceVersionDate "2002.03.21"]
[SourceQuality "1"]

1. e4 e6 2. d4 d5 3. Nc3 Bb4 4. e5 Ne7 5. a3 Bxc3+ 6. bxc3 c5 7. Qg4 O-O 8. Bd3
f5 9. exf6 Rxf6 10. Bg5 Rf7 11. Qh5 g6 12. Qd1 Nbc6 13. Nf3 Qc7 (13... Qf8 $5)
14. O-O c4 (14... e5 15. Nxe5 Nxe5 16. dxe5 Qxe5 17. Qd2 Bd7 18. Rfe1 Qg7 19.
Rad1 Bc6 20. Re6 $36 {1-0 Cseshkovsky,V-Goncharov,V/RUS t-ch Kazan 1995 (34)})
15. Be2 Nf5 {Favourite line of Hungarian GM.He managed to defend black's
position many times.} 16. Qd2 $146 {New move} ({After} 16. Qc1 Bd7 17. Bf4 $2 {
Doesn't work, because of tactical trick -} ({better is} 17. g4 {but it is not
clear who's chances are better after} Nd6 18. Qe3 Ne4 19. Bh6 Re8 20. Ng5 Nxg5
21. Bxg5 e5 22. Qg3 Bc8 $13 {1/2-1/2 Mrdja,M-Farago,I/Bolzano op 2000/ (36)})
17... Nfxd4 $1 18. Bxc7 Nxe2+ 19. Kh1 Nxc1 20. Raxc1 Raf8 $17 {1/2-1/2 Gross,
D-Farago,I/HUN t-ch 1998 (54)}) 16... Nd6 {[%cal Gd6e4]} (16... Bd7 17. Bf4 $1
{[%csl Gf4]}) 17. Bh6 ({Volokitin could play already} 17. Bf4 $5 {with small
advantage in ending after} Ne4 18. Bxc7 Nxd2 19. Nxd2 Rxc7 20. f4 $14 {but he
pretends for more}) 17... Ne4 18. Qe3 Bd7 $2 {Inaccuracy!.Good or bad, but
Black had to play} (18... Ne7 {[%cal Ge7f5]} 19. Ne5 Nf5 20. Qh3 Nxh6 21. Qxh6
Nxc3 22. Rfe1 $44 {[%csl Ge5,Re6] Surely that White has enough compensation
for the pawn, but, at least, Black will be pawn up!}) 19. Bxc4 $1 Ne7 20. Bd3
Nf5 21. Qc1 Nxh6 22. Qxh6 Qxc3 {After more or less force moves, White got very
good position.} 23. Ne5 $2 {Volokitin had big choice of promising moves, but
unfortunately, he made wrong one.} (23. Bxe4 dxe4 24. Ng5 Rg7 25. Nxe4 Qxd4 26.
Rfe1 Bc6 27. Rad1 $36 {was enough for advantage,but}) (23. Rab1 $142 $1 {
was even stronger, for example} b6 $140 24. Rb3 Qc7 25. Ne5 $16) 23... Rxf2 $1
{Maybe young Ukranian GM missed this move in his calculations?} 24. Qe3 (24.
Nxd7 Qxd4 25. Kh1 Rxf1+ 26. Rxf1 Nf2+ 27. Rxf2 Qxf2 $15) 24... Bc6 25. Rxf2 (
25. Ng4 $5 {could be interesting alternative to the text, for example} Rxf1+
26. Rxf1 Qxa3 27. Nf6+ Kg7 (27... Nxf6 $2 28. Qxe6+) 28. Qf4 $44) 25... Qxa1+
26. Rf1 Qxa3 27. Qh3 Re8 28. Kh1 ({Maybe Black could try} 28. Kh1 a5 29. Qg4
Qe7 {but players decided to stop game now. Pity!}) 1/2-1/2